| 000 | 01997cam a22003135a 4500 | ||
|---|---|---|---|
| 001 | L156173 | ||
| 008 | 120502s1822 xxk f 000 0 eng d | ||
| 035 | _a(Sirsi) u156173 | ||
| 041 | 0 | _aeng | |
| 100 | 1 |
_aHoare, Richard Colt _cSir _d1758-1838 |
|
| 245 | 0 | 4 | _aThe history of modern Wiltshire |
| 260 |
_aLondon _bJ. Nichols _c1822 |
||
| 300 |
_a14 pt. in 6 v _bfront., illus., ports., maps (part double) plans, facsims, geneal. tables _c44-45 cm. |
||
| 505 | 2 | _av. 1. Mere. Heytesbury.--v. 2. Branch and Dole, by the Rev. J. Offer, and Sir R. C. Hoare. Everley, Ambresbury, and Underditch.--v. 3. Westbury, by R. Harris and Sir R. C. Hoare. Warminster, by H. Wansey and Sir R. C. Hoare. South Damerham, by W. H. Black and Sir R. C. Hoare. Downton, by G. Matcham [and Sir R. C. Hoare] Cawden.--v. 4. Dunworth and Vale of Noddre, by Baron Arundell and Sir R. C. Hoare. Chalk, by C. Bowels [and Sir R. C. Hoare]--v. 5. Alderbury [by Sir R. C. Hoare and J. G. Nichols] Frustfield, by G. Matcham and Sir R. C. Hoare. Addenda to the several hundreds; and general index to the whole work.--v. 6. Old and New Sarum or Salisbury, by R. Benson and H. Hatcher | |
| 520 | _aIssued in 14 parts, each with title "The history of modern Wiltshire." For the convenience of binding the small paper copies, 5 special title-pages were issued with v. 5, having title "The modern history of South Wiltshire ... " No added t.p. was issued with v. 6. | ||
| 583 | 0 |
_aCondition reviewed _c20120620 _lcondition level 4 (all) detached boards |
|
| 651 | 4 |
_aEngland _y886- |
|
| 690 |
_aRural _96268 |
||
| 700 | 1 |
_aOffer, John _cRev |
|
| 700 | 1 | _aHarris, Richard | |
| 700 | 1 |
_aWansey, Henry _d1751-1827 |
|
| 700 | 1 |
_aBlack, William Henry _d1808-1872 |
|
| 700 | 1 |
_aArundell of Wardour, James Everard Arundell _c10th Baron _d1785-1834 |
|
| 700 | 1 |
_aBowles, Charles _d1766-1837 |
|
| 700 | 1 |
_aNichols, John Gough _d1806-1873 |
|
| 700 | 1 |
_aMatcham, George _d1789-1834 |
|
| 700 | 1 |
_aBenson, Robert _d1797-1844 |
|
| 942 | _n0 | ||
| 999 |
_c114076 _d114076 |
||